[Event "30th 4NCL Congress"]
[Site "Daventry"]
[Date "2023.06.17"]
[Round "2"]
[Board "1"]
[White "Cave, Iwan"]
[Black "Hebden, Mark L"]
[Result "0-1"]
[WhiteElo "2142"]
[BlackElo "2516"]
[PlyCount "66"]
[EventDate "2023.06.16"]
[EventRounds "5"]
[EventCountry "ENG"]

1. d4 Nf6 2. c4 g6 3. Nc3 Bg7 4. e4 d6 5. Nf3 O-O 6. Be2 e5 7. O-O Nc6 8. d5 Ne7
9. Ne1 Nd7 10. Be3 f5 11. f3 f4 12. Bf2 g5 13. a4 Ng6 14. a5 Rf7 15. b4 Nf6 16. c5
h5 17. cxd6 cxd6 18. Nb5 g4 19. Nxa7 Bd7 20. Bb6 Qe8 21. a6 bxa6 22. Rxa6 g3 23.
Qa1 Bf8 24. Nb5 Rb8 25. Nc7 Qe7 26. Qa2 Bc8 27. Ra8 Rxb6 28. Rxc8 Qd7 29. Qa8 Ne7
30. Rd8 Qxc7 31. hxg3 Ng6 32. Rc8 Qe7 33. Qa5 Qb7  0-1

[Event "30th 4NCL Congress"]
[Site "Daventry"]
[Date "2023.06.17"]
[Round "2"]
[Board "2"]
[White "Davies, Nigel R"]
[Black "Longson, Sarah N"]
[Result "1-0"]
[WhiteElo "2424"]
[BlackElo "2128"]
[PlyCount "97"]
[EventDate "2023.06.16"]
[EventRounds "5"]
[EventCountry "ENG"]

1. Nf3 d5 2. g3 c6 3. Bg2 Bg4 4. c4 e6 5. cxd5 Bxf3 6. Bxf3 cxd5 7. O-O Nf6 8. Nc3
Nc6 9. d3 Bd6 10. Bd2 O-O 11. Rc1 Rc8 12. a3 Bb8 13. Bg2 h6 14. b4 e5 15. Qb3 Ne7
16. Rfd1 Qd7 17. e4 d4 18. Ne2 Ng6 19. Rxc8 Rxc8 20. Rc1 Rxc1+ 21. Nxc1 Ne7 22. Qc2
Qc7 23. Qxc7 Bxc7 24. Bf3 Bd6 25. Nb3 b6 26. Bd1 Nd7 27. Kg2 f6 28. Bg4 Nb8 29. Be6+
Kf8 30. Bc1 a6 31. f4 Nec6 32. Kf3 Ke7 33. Bd5 Kd7 34. Nd2 Ne7 35. Bf7 b5 36. Ba2
Nbc6 37. Nb3 Nc8 38. Kg4 N8e7 39. h4 Nc8 40. Kh5 Ke7 41. f5 Nb6 42. Nc5 Bxc5 43.
bxc5 Nd7 44. Bd5 Ndb8 45. g4 b4 46. g5 hxg5 47. hxg5 a5 48. Kg6 bxa3 49. Kxg7  1-0

[Event "30th 4NCL Congress"]
[Site "Daventry"]
[Date "2023.06.17"]
[Round "2"]
[Board "4"]
[White "Merriman, John"]
[Black "Baer, Bruce L"]
[Result "0-1"]
[WhiteElo "2356"]
[BlackElo "2119"]
[PlyCount "76"]
[EventDate "2023.06.16"]
[EventRounds "5"]
[EventCountry "ENG"]

1. d4 g6 2. c4 d6 3. e4 e5 4. Ne2 Bg7 5. Nbc3 Nc6 6. d5 Nce7 7. h4 h5 8. Ng3 f5 9.
exf5 Bxf5 10. Nge4 Nf6 11. Ng5 Qd7 12. g3 O-O 13. Bg2 a6 14. a4 Kh8 15. O-O Rae8
16. Re1 Neg8 17. Qb3 c5 18. dxc6 bxc6 19. Qb6 e4 20. Qxa6 Ng4 21. Qa5 N8f6 22. Bf4
Nxf2 23. Kxf2 Ng4+ 24. Ke2 Rb8 25. Rad1 Rxb2+ 26. Kf1 Qb7 27. Ne2 Ra8 28. Nf7+ Kg8
29. Nxd6 Rxa5 30. Nxb7 Rxb7 31. Rd6 c5 32. Rc6 Rb2 33. Bc1 Rc2 34. Rd1 Rxa4 35. Rxc5
Raa2 36. Nf4 Bd4 37. Rd5 Nh2+ 38. Ke1 Bf2#  0-1

[Event "30th 4NCL Congress"]
[Site "Daventry"]
[Date "2023.06.17"]
[Round "2"]
[Board "5"]
[White "Larkin, Benjamin"]
[Black "Finn, Peter"]
[Result "0-1"]
[WhiteElo "2097"]
[BlackElo "2310"]
[PlyCount "72"]
[EventDate "2023.06.16"]
[EventRounds "5"]
[EventCountry "ENG"]

1. e4 c5 2. Nc3 Nc6 3. Nf3 e6 4. d4 cxd4 5. Nxd4 Nf6 6. Nxc6 bxc6 7. e5 Nd5 8. Ne4
Qc7 9. f4 Qb6 10. c4 Ne3 11. Qd3 Nf5 12. g4 Nd4 13. Nd6+ Bxd6 14. exd6 c5 15. Bg2
Bb7 16. Bxb7 Qxb7 17. O-O O-O 18. b3 f5 19. Bb2 fxg4 20. Bxd4 cxd4 21. Qxd4 Rf5 22.
Rae1 Raf8 23. Re5 h5 24. Rxf5 Rxf5 25. c5 Rd5 26. Qc3 Qb5 27. b4 Qe2 28. Qe1 Qxa2
29. Qe4 Rd2 30. f5 Re2 31. fxe6 Rxe4 32. exd7 Re2 33. d8=Q+ Kh7 34. Qa8 Qd2 35. Kh1
Rxh2+ 36. Kg1 Re2  0-1

[Event "30th 4NCL Congress"]
[Site "Daventry"]
[Date "2023.06.17"]
[Round "2"]
[Board "6"]
[White "Krzyzanowski, Patryk"]
[Black "Boswell, Jacob Connor"]
[Result "0-1"]
[WhiteElo "2092"]
[BlackElo "2272"]
[PlyCount "56"]
[EventDate "2023.06.16"]
[EventRounds "5"]
[EventCountry "ENG"]

1. d4 Nf6 2. c4 g6 3. Nf3 Bg7 4. Nc3 O-O 5. Bf4 d6 6. e3 c5 7. h3 cxd4 8. exd4 d5
9. c5 b6 10. Nb5 Ne8 11. Bxb8 Rxb8 12. Nxa7 Qd7 13. Nxc8 bxc5 14. Ba6 Nc7 15. Be2
Rfxc8 16. Qd2 cxd4 17. O-O e5 18. Rfc1 Ne6 19. Rxc8+ Qxc8 20. Rc1 Qf8 21. b3 e4 22.
Nh2 Bh6 23. Qb2 Bxc1 24. Qxc1 Rc8 25. Qd2 Qc5 26. Bf1 h5 27. g4 Qc3 28. Qd1 Qc1  0-1

[Event "30th 4NCL Congress"]
[Site "Daventry"]
[Date "2023.06.17"]
[Round "2"]
[Board "7"]
[White "Murawski, Jan"]
[Black "Valdepenas Octavio, Javier"]
[Result "0-1"]
[WhiteElo "2091"]
[BlackElo "2218"]
[PlyCount "78"]
[EventDate "2023.06.16"]
[EventRounds "5"]
[EventCountry "ENG"]

1. d4 d5 2. c4 e6 3. Nc3 Nf6 4. Bg5 Nbd7 5. e3 Be7 6. Nf3 h6 7. Bh4 b6 8. cxd5 Nxd5
9. Nxd5 exd5 10. Bxe7 Qxe7 11. Bd3 O-O 12. Rc1 c5 13. Bb5 c4 14. Bc6 Rb8 15. Bxd5
b5 16. Nd2 Nb6 17. Bf3 Be6 18. O-O Rfc8 19. e4 Qb4 20. d5 Bd7 21. Qc2 Na4 22. Rb1
c3 23. bxc3 Rxc3 24. Qd1 Qa3 25. Ra1 Qb2 26. Nb3 b4 27. Qd4 Rb6 28. Rfd1 Rc2 29.
Qxb2 Rxb2 30. Rd2 Rxd2 31. Nxd2 Nc3 32. Nc4 Ra6 33. a3 Bb5 34. Rc1 bxa3 35. Nd2 a2
36. Nb3 Bc4 37. Na1 Rb6 38. Nc2 Rb1 39. Re1 Rxe1+  0-1

[Event "30th 4NCL Congress"]
[Site "Daventry"]
[Date "2023.06.17"]
[Round "2"]
[Board "8"]
[White "Raju, Sooraj Menothuparambil"]
[Black "Subramanian, Anusha"]
[Result "1-0"]
[WhiteElo "2209"]
[BlackElo "2034"]
[PlyCount "93"]
[EventDate "2023.06.16"]
[EventRounds "5"]
[EventCountry "ENG"]

1. e4 c6 2. d4 d5 3. f3 e6 4. Nc3 Bb4 5. Bd2 dxe4 6. Nxe4 Be7 7. Be3 Nd7 8. Qd2 Ngf6
9. O-O-O Nxe4 10. fxe4 Nf6 11. Bd3 Ng4 12. Nf3 Nxe3 13. Qxe3 a5 14. h4 a4 15. a3
b5 16. c3 Bb7 17. Rdf1 Qa5 18. Bc2 Qc7 19. Ng5 Bxg5 20. hxg5 O-O-O 21. Rh4 Qe7 22.
Rfh1 f6 23. Rxh7 Rxh7 24. Rxh7 fxg5 25. Rh5 Qf7 26. Rxg5 Qf1+ 27. Bd1 Rd7 28. Qf3
Qxf3 29. Bxf3 Kc7 30. Kd2 Rf7 31. Ke3 Kd6 32. c4 Ba6 33. Rc5 Rc7 34. e5+ Kd7 35.
d5 cxd5 36. Rxc7+ Kxc7 37. cxd5 Bc8 38. Bg4 Bb7 39. Bxe6 Kd8 40. Kd4 Ke7 41. Kc5
b4 42. Kb6 bxa3 43. bxa3 Ba8 44. Ka7 Bc6 45. dxc6 Kxe6 46. c7 Kd7 47. Kb7  1-0

[Event "30th 4NCL Congress"]
[Site "Daventry"]
[Date "2023.06.17"]
[Round "2"]
[Board "9"]
[White "Fava, Lorenzo"]
[Black "Mesesan, Mircea-Marius"]
[Result "1-0"]
[WhiteElo "2203"]
[BlackElo "2026"]
[PlyCount "49"]
[EventDate "2023.06.16"]
[EventRounds "5"]
[EventCountry "ENG"]

1. e4 e5 2. Nc3 Nc6 3. f4 d6 4. Nf3 g6 5. Bb5 Bg7 6. O-O Nge7 7. fxe5 dxe5 8. Ng5
O-O 9. d3 h6 10. Nxf7 Rxf7 11. Bc4 Qd4+ 12. Kh1 Nd8 13. Rxf7 Nxf7 14. Qf3 Nf5 15.
exf5 gxf5 16. Qh5 Qd7 17. Bxh6 Kf8 18. Bxg7+ Kxg7 19. Re1 c6 20. Re3 b5 21. Rg3+
Kf8 22. Bxf7 Bb7 23. Qh8+ Kxf7 24. Rg7+ Ke6 25. Qh6#  1-0

[Event "30th 4NCL Congress"]
[Site "Daventry"]
[Date "2023.06.17"]
[Round "2"]
[Board "10"]
[White "Vijayakumar, Rishi"]
[Black "Chan, Sheng Liang Bernard"]
[Result "1/2-1/2"]
[WhiteElo "1998"]
[BlackElo "2197"]
[PlyCount "55"]
[EventDate "2023.06.16"]
[EventRounds "5"]
[EventCountry "ENG"]

1. d4 d5 2. c4 dxc4 3. Nf3 Nf6 4. e3 a6 5. a4 c5 6. Bxc4 cxd4 7. O-O e6 8. exd4 Bd6
9. Nc3 O-O 10. Bg5 Nbd7 11. Qe2 Qc7 12. Rac1 Bf4 13. Rc2 Bxg5 14. Nxg5 Nb6 15. Nce4
Qe7 16. Bd3 Nxe4 17. Nxe4 Nxa4 18. Rc7 Qxc7 19. Nf6+ Kh8 20. Qe4 g6 21. Qh4 h5 22.
Qg5 Kg7 23. Nxh5+ Kh7 24. Nf6+ Kg7 25. Nh5+ Kh7 26. Rc1 Qd8 27. Nf6+ Kg7 28. Nh5+
 1/2-1/2

[Event "30th 4NCL Congress"]
[Site "Daventry"]
[Date "2023.06.17"]
[Round "2"]
[Board "11"]
[White "Payne, Matthew J"]
[Black "Yzeiraj, Diamant"]
[Result "1-0"]
[WhiteElo "2169"]
[BlackElo "1686"]
[PlyCount "43"]
[EventDate "2023.06.16"]
[EventRounds "5"]
[EventCountry "ENG"]

1. e4 c5 2. Nc3 Nc6 3. Bb5 Nd4 4. Nf3 a6 5. Bd3 g6 6. O-O Bg7 7. Rb1 b5 8. e5 Nh6
9. Be4 Rb8 10. d3 d6 11. exd6 Qxd6 12. Nxd4 cxd4 13. Nd5 Bb7 14. Qf3 Ng4 15. Nf6+
exf6 16. Qxg4 f5 17. Bxf5 h5 18. Bf4 Qd5 19. Qe2+ Kd8 20. Be4 Re8 21. Bxb8 Qe6 22.
Qf3  1-0

[Event "30th 4NCL Congress"]
[Site "Daventry"]
[Date "2023.06.17"]
[Round "2"]
[Board "12"]
[White "McKenna, Joshua"]
[Black "Merriman, James"]
[Result "0-1"]
[WhiteElo "1642"]
[BlackElo "2164"]
[PlyCount "48"]
[EventDate "2023.06.16"]
[EventRounds "5"]
[EventCountry "ENG"]

1. e4 e6 2. d4 d5 3. Nc3 Nf6 4. e5 Nfd7 5. f4 c5 6. Nf3 Nc6 7. Be3 a6 8. a3 b5 9.
f5 cxd4 10. Nxd4 Ndxe5 11. fxe6 Bxe6 12. Bf4 Bc5 13. Ncxb5 axb5 14. Bxb5 Bxd4 15.
Bxe5 Qa5+ 16. b4 Qxb5 17. Bxd4 Nxd4 18. Qxd4 O-O 19. a4 Rxa4 20. Rxa4 Qxa4 21. O-O
Qxc2 22. Rf2 Qc4 23. Qb6 Rc8 24. Rf1 d4  0-1

[Event "30th 4NCL Congress"]
[Site "Daventry"]
[Date "2023.06.17"]
[Round "2"]
[Board "13"]
[White "Okhai, Shabir"]
[Black "Banerjee, Supratit"]
[Result "1-0"]
[WhiteElo "2289"]
[BlackElo "2035"]
[PlyCount "73"]
[EventDate "2023.06.16"]
[EventRounds "5"]
[EventCountry "ENG"]

1. e4 e6 2. d4 d5 3. Nc3 dxe4 4. Nxe4 Nd7 5. Nf3 Ngf6 6. Bd3 Nxe4 7. Bxe4 Nf6 8.
Bg5 Be7 9. Bxf6 Bxf6 10. Qd3 Qd7 11. O-O-O h6 12. h4 a5 13. g4 g6 14. g5 Bg7 15.
Kb1 h5 16. Ne5 Bxe5 17. dxe5 Qxd3 18. Rxd3 Ke7 19. Rhd1 a4 20. Rc3 c6 21. Rcd3 Rf8
22. f4 Rh8 23. a3 Rg8 24. Rd6 Rh8 25. Kc1 Rg8 26. c3 Rh8 27. R1d4 Ra5 28. Bc2 Rd5
29. Bxa4 Rd8 30. Rxd8 Rxd8 31. Rxd8 Kxd8 32. b4 Bd7 33. Kd2 Kc7 34. c4 b6 35. Kc3
Be8 36. Bc2 c5 37. Be4  1-0

[Event "30th 4NCL Congress"]
[Site "Daventry"]
[Date "2023.06.17"]
[Round "2"]
[Board "14"]
[White "Verma, Aditya"]
[Black "Patel, Zain"]
[Result "1-0"]
[WhiteElo "2241"]
[BlackElo "2040"]
[PlyCount "93"]
[EventDate "2023.06.16"]
[EventRounds "5"]
[EventCountry "ENG"]

1. e4 c6 2. d4 d5 3. e5 c5 4. dxc5 e6 5. a3 Bxc5 6. Qg4 Ne7 7. Bd3 Nbc6 8. Nf3 Ng6
9. O-O O-O 10. Qh5 Qc7 11. Re1 b6 12. Nc3 Bb7 13. Nd1 Rae8 14. Ne3 Nce7 15. Ng4 Nf5
16. Bxf5 exf5 17. Ng5 h6 18. Nxh6+ gxh6 19. Qxh6 f6 20. Qxg6+ Kh8 21. Qh5+ Kg8 22.
Nf3 fxe5 23. Bh6 Rf7 24. Qg6+ Kh8 25. Rxe5 Rg8 26. Qh5 Rh7 27. Re8 Bf8 28. Ne5 Bxh6
29. Ng6+ Kg7 30. Re7+ Kf6 31. Rxc7 Rxc7 32. Qxh6 Rxg6 33. Qh4+ Kg7 34. Re1 Bc6 35.
h3 d4 36. Re7+ Rxe7 37. Qxe7+ Kg8 38. g3 Be4 39. Qd8+ Kh7 40. Qxd4 Bxc2 41. Qh4+
Kg7 42. Qe7+ Kh6 43. Qxa7 Be4 44. Qc7 Rc6 45. Qf4+ Kg7 46. f3 Bd3 47. Qd4+  1-0

[Event "30th 4NCL Congress"]
[Site "Daventry"]
[Date "2023.06.17"]
[Round "2"]
[Board "16"]
[White "Dasgupta, Avyukt"]
[Black "Jackson, Edward"]
[Result "0-1"]
[WhiteElo "2028"]
[BlackElo "2168"]
[PlyCount "139"]
[EventDate "2023.06.16"]
[EventRounds "5"]
[EventCountry "ENG"]

1. d4 d5 2. Nf3 Nf6 3. c3 e6 4. Bf4 c5 5. e3 Nc6 6. Nbd2 Bd6 7. Bxd6 Qxd6 8. Bb5
O-O 9. O-O b6 10. Qe2 Bb7 11. Bxc6 Bxc6 12. Ne5 Bb7 13. a4 a5 14. Rfd1 Rfd8 15. Ndf3
Ba6 16. Qc2 Ne4 17. Nd2 f6 18. Nec4 Qc6 19. Nxe4 dxe4 20. Na3 Bd3 21. Qb3 c4 22.
Qb5 Qc7 23. Qh5 Rd5 24. Qh3 Qd7 25. Rd2 Rg5 26. f4 exf3 27. Qxf3 Re8 28. b3 Rf5 29.
Qg3 Qc6 30. Nxc4 Bxc4 31. bxc4 Rg5 32. Qf2 Qxc4 33. Rc2 Rc8 34. e4 Qd3 35. Re1 Rxc3
36. Rd2 Qc4 37. h4 Rgg3 38. d5 Rgd3 39. Rxd3 Rxd3 40. Qxb6 Qd4+ 41. Qxd4 Rxd4 42.
dxe6 Kf8 43. Rb1 Rxe4 44. Rb8+ Ke7 45. g3 Kxe6 46. Rb7 g6 47. Rxh7 Rxa4 48. Kg2 Kf5
49. Ra7 Kg4 50. Ra6 Ra2+ 51. Kf1 Ra3 52. Ke2 Rxg3 53. Rxf6 Kxh4 54. Ra6 Rg5 55. Kf3
Rf5+ 56. Ke4 Kg5 57. Ra8 Rf4+ 58. Ke3 Ra4 59. Kf3 Ra3+ 60. Kg2 Kg4 61. Ra6 Ra2+ 62.
Kg1 g5 63. Rd6 Kg3 64. Rd3+ Kh4 65. Rd8 g4 66. Rd4 Kh3 67. Rd3+ g3 68. Rd1 a4 69.
Kh1 a3 70. Rg1  0-1

[Event "30th 4NCL Congress"]
[Site "Daventry"]
[Date "2023.06.17"]
[Round "2"]
[Board "17"]
[White "Mason, Donald J"]
[Black "Fellowes, Billy"]
[Result "0-1"]
[WhiteElo "2142"]
[BlackElo "1986"]
[PlyCount "50"]
[EventDate "2023.06.16"]
[EventRounds "5"]
[EventCountry "ENG"]

1. e4 Nc6 2. Nf3 d6 3. d4 Nf6 4. Nc3 g6 5. Be3 Bg7 6. Qd2 O-O 7. h3 Bd7 8. O-O-O
e5 9. d5 Ne7 10. g4 b5 11. Bd3 b4 12. Ne2 Nexd5 13. Bh6 Ne7 14. Ng3 a5 15. Nf5 Nxf5
16. gxf5 Bxf5 17. exf5 e4 18. fxg6 hxg6 19. Nd4 exd3 20. Bxg7 Kxg7 21. Rdg1 Qd7 22.
Qg5 Nh7 23. Qf4 c5 24. Nf5+ Kh8 25. Nh6 Qe6  0-1

[Event "30th 4NCL Congress"]
[Site "Daventry"]
[Date "2023.06.17"]
[Round "2"]
[Board "18"]
[White "James, Russell A"]
[Black "Kumar, Sanjit S"]
[Result "1/2-1/2"]
[WhiteElo "2127"]
[BlackElo "1926"]
[PlyCount "71"]
[EventDate "2023.06.16"]
[EventRounds "5"]
[EventCountry "ENG"]

1. e4 e6 2. d4 d5 3. Nd2 c5 4. dxc5 Bxc5 5. Bd3 Nc6 6. Ngf3 Nf6 7. Qe2 Qc7 8. c3
dxe4 9. Nxe4 Be7 10. Bg5 Nd5 11. Bxe7 Qxe7 12. Bb5 Bd7 13. O-O-O O-O-O 14. c4 Nc7
15. Nd6+ Kb8 16. c5 f6 17. Bxc6 Bxc6 18. Nd4 Bd5 19. Kb1 Qd7 20. f3 Na6 21. Qb5 Qxb5
22. N4xb5 Rd7 23. Rc1 Nxc5 24. Rxc5 a6 25. Rhc1 axb5 26. Rc8+ Rxc8 27. Rxc8+ Ka7
28. Nxb5+ Kb6 29. Nc3 Bc6 30. Kc2 e5 31. b4 Rd4 32. a3 e4 33. fxe4 Bxe4+ 34. Nxe4
Rxe4 35. Kd3 Rf4 36. Ke3  1/2-1/2

[Event "30th 4NCL Congress"]
[Site "Daventry"]
[Date "2023.06.17"]
[Round "2"]
[Board "19"]
[White "Gomez, Daniel"]
[Black "Sajanani, Vikas"]
[Result "1/2-1/2"]
[WhiteElo "2103"]
[BlackElo "1912"]
[PlyCount "103"]
[EventDate "2023.06.16"]
[EventRounds "5"]
[EventCountry "ENG"]

1. e4 e5 2. Nf3 Nc6 3. Bb5 Nf6 4. d3 Bc5 5. c3 O-O 6. O-O d6 7. h3 Bb6 8. Re1 Ne7
9. Nbd2 c6 10. Ba4 Ng6 11. Bb3 Be6 12. Nc4 Bc7 13. a4 Qb8 14. d4 Nxe4 15. dxe5 d5
16. Ncd2 Nxd2 17. Qxd2 Nxe5 18. Nd4 Bd7 19. f4 Ng6 20. f5 Ne5 21. f6 gxf6 22. Rf1
Ng6 23. Qh6 Re8 24. Bc2 Bd6 25. Bd2 Bf8 26. Qh5 Qe5 27. Bf5 Bxf5 28. Rxf5 Qe7 29.
Raf1 c5 30. Rxf6 cxd4 31. Rxf7 Qxf7 32. Rxf7 Kxf7 33. Qxd5+ Kg7 34. Qxd4+ Kg8 35.
Bg5 Re1+ 36. Kh2 Rae8 37. h4 R1e6 38. h5 Bg7 39. Qd5 Nh8 40. h6 Be5+ 41. Kh3 Nf7
42. Bc1 Bd6 43. Qxb7 a6 44. Qd5 Re4 45. g3 R4e5 46. Qf3 Bf8 47. Qg4+ Kh8 48. Qd4
Rd8 49. Qf4 Kg8 50. Qg4+ Kh8 51. Qf4 Kg8 52. Qg4+  1/2-1/2

[Event "30th 4NCL Congress"]
[Site "Daventry"]
[Date "2023.06.17"]
[Round "2"]
[Board "20"]
[White "Verma, Shlok"]
[Black "Wastney, Dylan"]
[Result "1-0"]
[WhiteElo "2101"]
[BlackElo "1881"]
[PlyCount "141"]
[EventDate "2023.06.16"]
[EventRounds "5"]
[EventCountry "ENG"]

1. d4 Nf6 2. c4 e6 3. Nf3 Be7 4. Nc3 d5 5. Bg5 h6 6. Bh4 O-O 7. e3 Nbd7 8. Bd3 dxc4
9. Bxc4 c5 10. O-O cxd4 11. Nxd4 Ne5 12. Be2 Ng6 13. Bg3 Bd6 14. Nxe6 Bxe6 15. Qxd6
Qa5 16. Qc7 b6 17. Rfd1 Rac8 18. Qb7 Rfd8 19. Qa6 Qb4 20. Qb5 Qe7 21. h3 Rc5 22.
Rxd8+ Qxd8 23. Qd3 Qc8 24. Qa6 Qxa6 25. Bxa6 Nd5 26. Nxd5 Bxd5 27. b4 Rc3 28. Bb8
Nh4 29. Bg3 Nf5 30. Be5 Ra3 31. Bc8 Ne7 32. Bd7 Nc6 33. Bb2 Rd3 34. Bf5 Rd2 35. Bc3
Rxa2 36. Rxa2 Bxa2 37. Bd3 Bd5 38. b5 Na5 39. Be5 Bc4 40. Bxc4 Nxc4 41. Bb8 Na3 42.
Bxa7 Nxb5 43. Bxb6 Kf8 44. Kf1 Ke7 45. Ke2 Ke6 46. Bc5 h5 47. Kf3 g6 48. Ke4 Nc7
49. Kd4 Nd5 50. g3 Nf6 51. f4 Nh7 52. e4 Nf6 53. Ba3 Nd7 54. Bb2 f5 55. e5 Nb6 56.
Bc1 Nd5 57. Bd2 Nb6 58. Kc5 Na4+ 59. Kc6 Nb2 60. h4 Nc4 61. Be1 Ne3 62. Kc7 Ng4 63.
Kd8 Kf7 64. Kd7 Kf8 65. Bb4+ Kf7 66. e6+ Kg7 67. Bc3+ Kg8 68. e7 Kh7 69. e8=Q g5
70. Qh8+ Kg6 71. Qg7#  1-0

[Event "30th 4NCL Congress"]
[Site "Daventry"]
[Date "2023.06.17"]
[Round "2"]
[Board "21"]
[White "Bartram, Dominic"]
[Black "Pereslavtsev, Alexandr"]
[Result "1-0"]
[WhiteElo "2072"]
[BlackElo "1856"]
[PlyCount "93"]
[EventDate "2023.06.16"]
[EventRounds "5"]
[EventCountry "ENG"]

1. Nf3 Nf6 2. g3 g6 3. Bg2 Bg7 4. O-O O-O 5. Re1 d5 6. c4 e6 7. d4 c6 8. Nc3 b6 9.
Ne5 Bb7 10. f4 Qe7 11. b3 Rd8 12. e3 c5 13. cxd5 Nxd5 14. Nxd5 Bxd5 15. e4 Bb7 16.
Ba3 Bxe5 17. fxe5 Nc6 18. d5 Nxe5 19. Bb2 Nc6 20. Qg4 Nd4 21. Rad1 e5 22. Rd2 Bc8
23. Qd1 Qg5 24. Rf2 Bg4 25. Bc1 Qh5 26. Qd3 Rac8 27. Qf1 Rc7 28. h3 Bc8 29. Rf6 Kg7
30. h4 h6 31. Kh2 Bg4 32. Bh3 Nf3+ 33. Rxf3 Bxf3 34. Qf2 Rd6 35. Rf1 Bg4 36. Bb2
Bxh3 37. Kxh3 f5 38. Bxe5+ Rf6 39. Bxc7 Qg4+ 40. Kh2 Qxe4 41. Qf4 Qxd5 42. Be5 Kf7
43. Bxf6 Kxf6 44. Qxh6 Qe4 45. Qf8+ Ke5 46. Qe7+ Kd4 47. Rf4  1-0

[Event "30th 4NCL Congress"]
[Site "Daventry"]
[Date "2023.06.17"]
[Round "2"]
[Board "22"]
[White "Larchikov, Maksym"]
[Black "Hariharan, Shambavi"]
[Result "1-0"]
[WhiteElo "2065"]
[BlackElo "1808"]
[PlyCount "101"]
[EventDate "2023.06.16"]
[EventRounds "5"]
[EventCountry "ENG"]

1. d4 d5 2. c4 c6 3. Nf3 Nf6 4. e3 e6 5. Nc3 Nbd7 6. Qc2 Be7 7. b3 Qc7 8. Bb2 b6
9. Bd3 Bb7 10. O-O O-O 11. Rfd1 Rfd8 12. Rac1 Rac8 13. Qe2 c5 14. cxd5 exd5 15. dxc5
bxc5 16. Bb1 a6 17. b4 Qb6 18. bxc5 Nxc5 19. Nd4 Nce4 20. Nf5 Bf8 21. Nxe4 Nxe4 22.
Bxe4 dxe4 23. Rb1 Rxd1+ 24. Qxd1 Qe6 25. Bxg7 Bxg7 26. Nxg7 Kxg7 27. Rxb7 Qc6 28.
Rb1 Qc2 29. h3 Qxd1+ 30. Rxd1 Rc2 31. a4 Rc4 32. Rd4 Rxd4 33. exd4 Kf6 34. Kf1 Ke6
35. Ke2 Kd5 36. Ke3 f5 37. Kf4 Kxd4 38. Kxf5 a5 39. g4 Kd5 40. g5 Kd4 41. h4 Kc4
42. h5 Kb4 43. g6 hxg6+ 44. hxg6 Kxa4 45. g7 Kb3 46. g8=Q+ Kb4 47. Kxe4 a4 48. Kd4
a3 49. Qb8+ Ka4 50. Kc4 a2 51. Qa8#  1-0

[Event "30th 4NCL Congress"]
[Site "Daventry"]
[Date "2023.06.17"]
[Round "2"]
[Board "23"]
[White "Khoury, Theo"]
[Black "Hatchett, Paul D"]
[Result "1-0"]
[WhiteElo "2270"]
[BlackElo "2011"]
[PlyCount "109"]
[EventDate "2023.06.16"]
[EventRounds "5"]
[EventCountry "ENG"]

1. e4 c5 2. Nf3 d6 3. d4 cxd4 4. Nxd4 Nf6 5. Nc3 g6 6. Be3 Bg7 7. f3 O-O 8. Qd2 Nc6
9. O-O-O d5 10. exd5 Nxd5 11. Nxc6 bxc6 12. Bd4 e5 13. Bc5 Re8 14. Ne4 Qc7 15. h4
Be6 16. Bc4 Nf4 17. Bxe6 Nxe6 18. Bd6 Qb6 19. h5 f5 20. Nc3 g5 21. h6 Bf6 22. g4
Rab8 23. Bxb8 Rxb8 24. Na4 Qd4 25. Qxd4 Nxd4 26. gxf5 Nxf5 27. Nc3 e4 28. fxe4 Ng3
29. Rhe1 Be5 30. Rd3 Kf7 31. Rd7+ Kg6 32. Nd1 Kxh6 33. Rxa7 Rd8 34. c3 Kg6 35. Ne3
h5 36. Ra6 Rd6 37. Rd1 Re6 38. Nd5 h4 39. Rxc6 Rxc6 40. Ne7+ Kh5 41. Nxc6 Bf4+ 42.
Kc2 h3 43. e5 Nf5 44. e6 Bd6 45. Kd3 g4 46. Ke4 Kg5 47. Rd5 h2 48. Rxf5+ Kh4 49.
Rf1 g3 50. Nd4 Kh3 51. Nf3 Kg2 52. Rd1 Bc5 53. e7 Bg1 54. e8=Q h1=Q 55. Rxg1+  1-0

[Event "30th 4NCL Congress"]
[Site "Daventry"]
[Date "2023.06.17"]
[Round "2"]
[Board "24"]
[White "Shearsby, Jude"]
[Black "Gordon, Sean"]
[Result "1/2-1/2"]
[WhiteElo "2233"]
[BlackElo "1998"]
[PlyCount "72"]
[EventDate "2023.06.16"]
[EventRounds "5"]
[EventCountry "ENG"]

1. e4 c5 2. Nf3 d6 3. c3 Nf6 4. h3 Nc6 5. Bd3 g6 6. Bc2 e5 7. O-O Bg7 8. d4 exd4
9. cxd4 cxd4 10. Nxd4 O-O 11. Nc3 d5 12. Nxc6 bxc6 13. Bg5 h6 14. Bxf6 Bxf6 15. exd5
cxd5 16. Qxd5 Qxd5 17. Nxd5 Bxb2 18. Rab1 Rb8 19. Bb3 Ba3 20. Nf4 Kg7 21. Rfe1 Bf5
22. Rbd1 Rbd8 23. g4 Bc8 24. Bc4 Bb4 25. Rf1 Rfe8 26. Rb1 Rd4 27. Rxb4 Rxf4 28. Bb5
Rxb4 29. Bxe8 Be6 30. a4 Kf6 31. Kh2 a5 32. Rc1 Ke7 33. Bb5 g5 34. Rc7+ Kd6 35. Ra7
Rb2 36. Kg3 Rb3+  1/2-1/2

[Event "30th 4NCL Congress"]
[Site "Daventry"]
[Date "2023.06.17"]
[Round "2"]
[Board "25"]
[White "Moyse, Nigel J"]
[Black "Dignam, Matthew P"]
[Result "0-1"]
[WhiteElo "1991"]
[BlackElo "2204"]
[PlyCount "116"]
[EventDate "2023.06.16"]
[EventRounds "5"]
[EventCountry "ENG"]

1. e4 e6 2. d4 d5 3. Nc3 Bb4 4. e5 c5 5. Bd2 Bxc3 6. Bxc3 cxd4 7. Qxd4 Ne7 8. f4
Nbc6 9. Qf2 Qc7 10. Nf3 Bd7 11. O-O-O a6 12. Bd4 Nxd4 13. Nxd4 O-O-O 14. Kb1 Kb8
15. Bd3 Ka8 16. Rhe1 Qb6 17. c3 Rc8 18. Qc2 Nc6 19. Qb3 Qa5 20. Nc2 Qc5 21. Qa3 Qxa3
22. Nxa3 b5 23. Nc2 Ka7 24. h4 Rb8 25. Be2 Rhc8 26. Bf3 Ne7 27. h5 a5 28. a3 b4 29.
axb4 Ba4 30. Rd2 Bxc2+ 31. Rxc2 axb4 32. cxb4 Rxc2 33. Kxc2 Rxb4 34. g3 Nf5 35. Kc3
Rc4+ 36. Kd3 Nxg3 37. Rg1 Nf5 38. Bg4 Ne7 39. Bxe6 fxe6 40. Rxg7 Rc7 41. Rxh7 Kb7
42. Rh6 Nf5 43. Rxe6 Rh7 44. h6 Rxh6 45. Rxh6 Nxh6 46. Kd4 Kc6 47. e6 Kd6 48. b4
Nf5+ 49. Kd3 Kxe6 50. Kc3 Kd6 51. Kb3 Kc6 52. Ka4 d4 53. b5+ Kc5 54. b6 Kxb6 55.
Kb4 Kc6 56. Kc4 Kd6 57. Kd3 Kd5 58. Ke2 Ke4  0-1

[Event "30th 4NCL Congress"]
[Site "Daventry"]
[Date "2023.06.17"]
[Round "2"]
[Board "26"]
[White "Rida, Ruqayyah"]
[Black "Gopakumar, Siddharth"]
[Result "0-1"]
[WhiteElo "2078"]
[BlackElo "1997"]
[PlyCount "104"]
[EventDate "2023.06.16"]
[EventRounds "5"]
[EventCountry "ENG"]

1. e4 c5 2. Nf3 d6 3. d4 cxd4 4. Nxd4 Nf6 5. Nc3 a6 6. f3 e5 7. Nb3 Be6 8. Be3 Be7
9. Qd2 h5 10. O-O-O Nbd7 11. Kb1 Rc8 12. h3 b5 13. Bd3 h4 14. f4 Qc7 15. Rc1 Nb6
16. Bxb6 Qxb6 17. Rhe1 O-O 18. fxe5 dxe5 19. Nd5 Nxd5 20. exd5 Bxd5 21. Rxe5 Be6
22. Rce1 Bf6 23. Rh5 Rfd8 24. Bh7+ Kf8 25. Qb4+ Qd6 26. Qxd6+ Rxd6 27. Nc5 Rxc5 28.
Rxc5 g6 29. c3 Kg7 30. Rf1 Bc4 31. Rf2 Kxh7 32. b3 Bd3+ 33. Kc1 Bf5 34. Rc7 Kg7 35.
a3 Bd8 36. Rb7 Bf6 37. Rc7 Be6 38. c4 bxc4 39. bxc4 Rd3 40. c5 Rxa3 41. Re2 Ra1+
42. Kd2 Ra2+ 43. Ke3 Bd4+ 44. Kd3 Bf5+ 45. Kxd4 Rxe2 46. c6 Rxg2 47. Kd5 Rd2+ 48.
Kc5 Bxh3 49. Re7 Rc2+ 50. Kb6 Bf5 51. c7 h3 52. Re1 a5  0-1

[Event "30th 4NCL Congress"]
[Site "Daventry"]
[Date "2023.06.17"]
[Round "2"]
[Board "27"]
[White "Riis, Soren"]
[Black "Kothari, Jai"]
[Result "1-0"]
[WhiteElo "2074"]
[BlackElo "1980"]
[PlyCount "91"]
[EventDate "2023.06.16"]
[EventRounds "5"]
[EventCountry "ENG"]

1. d4 Nf6 2. c4 e6 3. Nc3 c5 4. d5 a6 5. a4 exd5 6. cxd5 d6 7. Nf3 g6 8. Bf4 Bg7
9. Nd2 Nh5 10. Be3 O-O 11. Nc4 Qc7 12. g3 f5 13. Bg2 b6 14. O-O Nd7 15. f4 Bb7 16.
Kh1 Rfe8 17. Bg1 Nhf6 18. Qd3 Kh8 19. Rad1 Re7 20. e4 fxe4 21. Nxe4 Nxe4 22. Bxe4
Rae8 23. Bf3 Nf6 24. b3 Ne4 25. Ne5 Bxe5 26. Bxe4 Bg7 27. Bf3 Qd7 28. Bf2 Bh6 29.
Rfe1 Rxe1+ 30. Rxe1 Rxe1+ 31. Bxe1 Qe7 32. Bd2 Bg7 33. Kg2 Kg8 34. Kf1 Bc8 35. Qe2
Bh3+ 36. Ke1 Qxe2+ 37. Kxe2 Bd7 38. g4 h6 39. h3 Kf7 40. Ke3 Bd4+ 41. Ke4 Kf6 42.
Be2 a5 43. Bb5 Bxb5 44. axb5 g5 45. fxg5+ hxg5 46. Bxa5  1-0